00630 2200205 4500001002100000005001500021035002000036008004100056245007600097100001400173260007000187300002500257084002000282082001000302650003200312990002000344990002000364990002000384990002000404INLIS00000000000346220241223012843 a0010-1224000994241223 0 ind 1 aBusiness Policy :bStrategi Alokasi Resources Perusahaan /cEK IK Madra aMadra, EK aSurabaya :bFakultas Ekonomi UPN Veteran Cabang Jawa Timur,c1982 a104 hlm. ;c20x14 cm a650.1 MAD B C.1 a650.1 4aSukses Pribadi dalam Bisnis a860711200006168 a860711300006169 a860711300006170 a860711300006171